Y Chromosome in leukemia patients. A study on the heteromorphic nature of its heterochromatic segment

Bibliographic Details
Main Authors: Adhvaryu, S. G. (Author), Jani, K. H. (Author), Trivedi, A. H. (Author)
Format: Article
Language:English
PhysicalDescription:Tb. 2. Obr. 1., lit. 14 zázn. v angl.
Subjects:

MARC

LEADER 00000nab a2200000 a 4500
001 vtls000375577
003 SK-MaSNL
005 20260318124807.0
008 230223c1989 xo 0 eng
015 |a SNBRB19rr/mm-uuuuu 
035 |a CL0375699 
035 |a urn:nbn:sk:snk-ab717k 
035 |a (uuid)d2416317-7865-40bb-822f-eef81f485e09 
035 |a (urnnbn)urn:nbn:sk:snk:ar-a06i0o 
035 |a (sysno)vtls000375577 
040 |a SNKBUCL  |b slo  |c SNKBUCL  |e AACR2 
041 0 |a eng 
044 |a xo  |c SK 
080 |a 616.153.392:575  |2 1981 
080 |a 575  |2 1981 
245 0 0 |a Y Chromosome in leukemia patients. A study on the heteromorphic nature of its heterochromatic segment  |c S. G. Adhvaryu ... [et al.] 
300 |b Tb. 2. Obr. 1., lit. 14 zázn. v angl. 
650 0 7 |a leukémia  |2 snkbucl  |9 16083 
650 0 7 |a chromozómy Y  |2 snkbucl  |9 1293498 
650 0 7 |a heteromorfizmy heterochromatínové  |2 snkbucl  |9 1293499 
655 7 |a články z novín a časopisov  |2 snkbucl  |9 267496 
700 1 |a Adhvaryu, S. G.  |4 aut  |9 1201466 
700 1 |a Jani, K. H.  |4 aut  |9 1293500 
700 1 |a Trivedi, A. H.  |4 aut  |9 1201464 
773 0 |t Neoplasma  |g Roč. 36, č. 3 (1989), s. 343-347 
850 |a Slovenská národná knižnica v Martine  |a MTA001 
852 |a SNK  |b KIS3GCP 
958 |a RK 
958 |a SU 
958 |a OND 
958 |a EUIPO 
958 |a article27 
992 |a RBX 
999 |c 2574321  |d 2576251